| 000 | 00331nam a2200121Ia 4500 | ||
|---|---|---|---|
| 008 | 210430s9999 xx 000 0 und d | ||
| 082 | _a543.65 D2291F | ||
| 100 | _aDass Chhabil | ||
| 245 |
_aFundamentals Of Contemporary Mass Spectrometry _cDass Chhabil |
||
| 260 |
_bJohn Wiley&Sons _c2007 |
||
| 300 | _a585p. | ||
| 942 |
_cREF _2ddc |
||
| 999 |
_c565817 _d565817 |
||